00791nam a2200193 i 450000100060000000300090000600500170001500700030003200800410003510000280007624501890010426000320029330000220032570000350034770000460038285200310042899900170045995201210047671924ES-MaACL20230906171257.0t|040820s1975 sp ||||1| spa d1 aGil, Federico G.95672610aLatinoamérica y Estados Unidos b: dominio, cooperación y conflicto / cFederico G. Gil ; presentación por Rafael López Pintor ; [traducción por Dámaso Alvarez Monteagudo]. aMadrid : bTecnos, c[1975] a269 p. ; c23 cm.1 aLópez Pintor, Rafael.9738931 aAlvarez-Monteagudo Rizo, Dámaso.920884 aES-MaACLjE-7012 bR.91659 c71924d71924 00104070aATENEOMbATENEOMcDEPO2d2008-01-17eSCl0oE-7012p1075292r2023-02-23 00:00:00w2023-02-23yMONOGRAFIA